[Event "Titled Tuesday intern op 24th Aug"]
[Site "Chess.com INT"]
[Date "2021.08.24"]
[Round "9"]
[White "De Souza, Cristiano Gomes"]
[Black "Chernov, Alexander A"]
[Result "1/2-1/2"]
[WhiteElo "2018"]
[BlackElo "2314"]
[PlyCount "139"]
[EventDate "2021.08.24"]
[EventType "swiss (blitz)"]
[EventRounds "11"]
[EventCountry "USA"]
[SourceTitle "EXT 2022"]
[Source "ChessBase"]
[SourceDate "2021.10.06"]
[SourceVersion "1"]
[SourceVersionDate "2021.10.06"]
[SourceQuality "1"]

1. d4 Nf6 2. c4 d6 3. Nc3 Nbd7 4. e4 e5 5. Nf3 c6 6. Be2 Be7 7. 0-0 0-0 8. h3 a6 9. Be3 b5 10. a3 Bb7 11. Rc1 h6 12. Re1 Re8 13. d5 cxd5 14. cxd5 Qb8 15. Nd2 Bd8 16. Nb3 Bb6 17. Bxb6 Nxb6 18. Na5 Rc8 19. Bf3 Qa7 20. Na2 Nc4 21. Nxc4 bxc4 22. b3 Qc5 23. Rxc4 Qxa3 24. Ra4 Qc5 25. Qd3 a5 26. Ra1 Ba6 27. Qd2 Bb7 28. Rc1 Qb6 29. Rxc8+ Bxc8 30. b4 Bd7 31. Rxa5 Rb8 32. b5 Bxb5 33. Ra3 Bc4 34. Nc3 Qb2 35. Qxb2 Rxb2 36. Ra8+ Kh7 37. Kh2 Rxf2 38. Rd8 Rc2 39. Nd1 Bd3 40. Rxd6 Nxe4 41. Ne3 Rd2 42. Rd7 f5 43. Nxf5 Ng5 44. Rxg7+ Kh8 45. Bg4 Bxf5 46. Rxg5 hxg5 47. Bxf5 Rxd5 48. Kg3 Rd4 49. Bg4 Kg7 50. Bf3 Kf6 51. Kf2 e4 52. Be2 Ke5 53. Ke3 Rb4 54. g3 Rb3+ 55. Kf2 Kd4 56. h4 gxh4 57. gxh4 Rh3 58. h5 e3+ 59. Kg2 Rh4 60. Kg3 Rh1 61. Kg4 Re1 62. Bf3 e2 63. Kg5 Ke3 64. Bxe2 Rxe2 65. h6 Rg2+ 66. Kf6 Kf4 67. h7 Rh2 68. Kg7 Rh3 69. h8Q Rxh8 70. Kxh8 1/2-1/2